LEADER 01060nam0-22003011i-450- 001 990001854820403321 005 20021010 035 $a000185482 035 $aFED01000185482 035 $a(Aleph)000185482FED01 035 $a000185482 100 $a20021010d--------km-y0itay50------ba 101 0 $aita 200 1 $aElektrochemische Oxydationen und chemische Reduktionen in der Puringruppe. Uber die Bildung von Harnstoff ausAmmoniumbicarbonatlosung bei Korpertemperatur$fWalter Kern. 210 $aBasel$c...$d1926. 215 $a1 v.$d22 cm 300 $apaginazione varia Estr. da: Helvetica chimica acta, 8(3),1926 610 0 $aChimica 676 $a540 700 1$aKern,$bWalter$059493 801 0$aIT$bUNINA$gRICA$2UNIMARC 901 $aBK 912 $a990001854820403321 952 $a60 MISC. B 90/18$b$fFAGBC 959 $aFAGBC 996 $aElektrochemische Oxydationen und chemische Reduktionen in der Puringruppe. Uber die Bildung von Harnstoff ausAmmoniumbicarbonatlosung bei Korpertemperatur$9413863 997 $aUNINA DB $aING01 LEADER 01788nas 2200445-- 450 001 996201004603316 005 20231213213019.0 035 $a(DE-599)ZDB2089136-2 035 $a(CKB)958480198235 035 $a(CONSER)sc-79005546- 035 $a(EXLCZ)99958480198235 100 $a20770623b19uu1981 --- a 101 0 $aeng 181 $ctxt$2rdacontent 200 00$aSIGUCC newsletter 210 $a[New York]$c[Association for Computing Machinery, Special Interest Group on University Computing Centers] 215 $a1 online resource 311 08$aPrint version: SIGUCC newsletter. 0163-5832 (DLC)sc 79005546 (OCoLC)3062848 517 3 $aSpecial Interest Group on University Computing Centers newsletter 531 0 $aSIGUCC newsl. 606 $aData processing service centers$vPeriodicals 606 $aUniversities and colleges$xData processing$vPeriodicals 606 $aData processing service centers$2fast$3(OCoLC)fst00887947 606 $aUniversities and colleges$xData processing$2fast$3(OCoLC)fst01161674 606 $aUniversiteiten$2gtt 606 $aComputernetwerken$2gtt 608 $aPeriodicals.$2fast 615 0$aData processing service centers 615 0$aUniversities and colleges$xData processing 615 7$aData processing service centers. 615 7$aUniversities and colleges$xData processing. 615 17$aUniversiteiten. 615 17$aComputernetwerken. 712 02$aAssociation for Computing Machinery.$bSpecial Interest Group on University Computer Centers. 712 02$aAssociation for Computing Machinery.$bSpecial Interest Group on University Computer Centers. 906 $aJOURNAL 912 $a996201004603316 920 $aexl_impl conversion 996 $aSIGUCC newsletter$92575437 997 $aUNISA